El capital intelectual: cómo identificar y calcular el valor de los recursos intangibles de su empresa
Guardat en:
| Autors principals: | , |
|---|---|
| Format: | Llibre |
| Idioma: | espanyol |
| Publicat: |
Barcelona
Gestión 2000
1999
|
| Matèries: | |
| Etiquetes: |
Afegir etiqueta
Sense etiquetes, Sigues el primer a etiquetar aquest registre!
|
MARC
| LEADER | 00000nam a2200000 a 4500 | ||
|---|---|---|---|
| 001 | UCL7260 | ||
| 003 | CL-VaPUC | ||
| 008 | 040514e19990000SP |||||||||||||||||spa|d | ||
| 020 | |a 8480883081 | ||
| 082 | 0 | 4 | |a 658.4 |b EDV |2 21 |
| 100 | 0 | |a Edvinsson, Leif |e author |9 485134 | |
| 700 | 0 | |a Malone, Michael S |e author |9 485135 | |
| 245 | 1 | 3 | |a El capital intelectual: cómo identificar y calcular el valor de los recursos intangibles de su empresa |
| 300 | |a 255 p | ||
| 942 | |c BK | ||
| 945 | |d 20040514 00:00:00 |a cmena | ||
| 260 | |a Barcelona |b Gestión 2000 |c 1999 | ||
| 650 | 0 | |a Planificación estratégica |9 259735 | |
| 650 | 0 | |a Toma de decisiones |9 257530 | |
| 650 | 7 | |a GESTION DE OPERACIONES |2 CL-VaPUC |9 485136 | |
| 650 | 0 | |a Administración de empresas |9 260833 | |
| 650 | 0 | |a Gestión de la información |9 362327 | |
| 650 | 0 | |a Recursos humanos |9 228420 | |
| 583 | |a last modification |c 20040514 00:00:00 |k Rodrigo Vera | ||
| 999 | |c 309108 |d 309106 | ||
| 952 | |0 0 |1 0 |4 0 |6 658_400000000000000_EDV_1999 |7 0 |8 A |9 376406 |a BIBENE |b BIBENE |d 2019-11-21 |i 4015630 |l 3 |o 658.4 EDV 1999 |p 4015630 |r 2025-01-21 |s 2024-12-10 |w 2019-11-21 |y BK |k ICO | ||